Most Passing Completions in a Game For Every NFL Team - Statistics

General Stats
  • This quiz has been taken 18 times
  • The average score is 25 of 41
Answer Stats
Team Completions Player % Correct
PIT 44 Ben Roethlisberger
93%
DAL 42 Dak Prescott
93%
LAR 45 Jared Goff
93%
DET 38 Jared Goff
93%
KAN 43 Patrick Mahomes
93%
TBB 41 Tom Brady
93%
GBP 39 Aaron Rodgers
86%
NEP 45 Drew Bledsoe
86%
NOS 39 Drew Brees
86%
NOS 39 Drew Brees
86%
NOS 39 Drew Brees
86%
NOS 39 Drew Brees
86%
NYG 41 Eli Manning
86%
BUF 42 Josh Allen
86%
DEN 39 Peyton Manning
86%
BAL 37 Lamar Jackson
79%
CIN 40 Joe Burrow
71%
WAS 41 Kirk Cousins
71%
MIN 40 Kirk Cousins
71%
LAC 43 Philip Rivers
71%
BAL 37 Joe Flacco
64%
ARI 40 Kurt Warner
64%
MIA 39 Dan Marino
57%
LVR 43 Rich Gannon
57%
NYJ 42 Vinny Testaverde
57%
TEN 41 Warren Moon
57%
JAX 37 Mark Brunell
50%
PHI 37 Mark Sanchez
50%
SEA 39 Matt Hasselbeck
50%
IND 42 Matt Ryan
50%
HOU 43 Matt Schaub
43%
ATL 39 Matt Schaub
43%
CIN 40 Ken Anderson
36%
NYJ 42 Richard Todd
21%
PHI 37 Sam Bradford
21%
CAR 36 Chris Weinke
14%
CHI 36 Josh McCown
14%
CHI 36 Nick Foles
14%
CLE 40 Colt McCoy
7%
CAR 36 Teddy Bridgewater
7%
SFF 38 Tim Rattay
7%
No matching quizzes found
Score Distribution
Percent of People with Each Score
Percentile by Number Answered
Your Score History
You have not taken this quiz